000 00576nam a2200181 i 4500
001 28109
003 ES-MaACL
005 20240320062557.0
007 t|
008 030116s1970 sp ||||1| spa d
100 0 _aAzorín,
_d1873-1967
_924326
245 1 0 _aAlbacete, siempre /
_cAzorín ; [recopilación, prólogo y notas de José S. Serna].
260 _a[S.l. :
_bs.n.,
_c1970] (
_eAlbacete :
_fTip. Julián Gómez Avedaño)
300 _a130 p., 3 lám. ;
_c27 cm.
700 1 _aSerna, José S.
_9105572
852 _aES-MaACL
_jC-37272
_bR.76201
999 _c28109
_d28109